Social psychology / (Record no. 150)

MARC details
000 -LEADER
fixed length control field 01585nam a2200301 a 4500
001 - CONTROL NUMBER
control field 3564209
003 - CONTROL NUMBER IDENTIFIER
control field OSt
005 - DATE AND TIME OF LATEST TRANSACTION
control field 20251114064102.0
008 - FIXED-LENGTH DATA ELEMENTS--GENERAL INFORMATION
fixed length control field 990305s1999 txua b 001 0 eng
010 ## - LIBRARY OF CONGRESS CONTROL NUMBER
LC control number 98087316
020 ## - INTERNATIONAL STANDARD BOOK NUMBER
International Standard Book Number 0155041282
040 ## - CATALOGING SOURCE
Original cataloging agency BSU
Transcribing agency BSU
Language of cataloging English
Modifying agency BSULIB
050 00 - LIBRARY OF CONGRESS CALL NUMBER
Classification number HM251
Item number .M459 1999
082 00 - DEWEY DECIMAL CLASSIFICATION NUMBER
Classification number 302
Edition number 21
Item number MIC
100 1# - MAIN ENTRY--PERSONAL NAME
Personal name Michener, H. Andrew.
9 (RLIN) 378
245 10 - TITLE STATEMENT
Title Social psychology /
Statement of responsibility, etc H. Andrew Michener, John D. DeLamater.
250 ## - EDITION STATEMENT
Edition statement 4th ed.
260 ## - PUBLICATION, DISTRIBUTION, ETC. (IMPRINT)
Place of publication, distribution, etc Fort Worth :
Name of publisher, distributor, etc Harcourt Brace College Publishers,
Date of publication, distribution, etc 1999.
300 ## - PHYSICAL DESCRIPTION
Extent xxii, 631 p. :
Other physical details ill. ;
Dimensions 24 cm.
501 ## - WITH NOTE
With note Includes index
504 ## - BIBLIOGRAPHY, ETC. NOTE
Bibliography, etc Includes bibliographical references (p. 535-586) and indexes.
505 ## - FORMATTED CONTENTS NOTE
Formatted contents note 1. Introduction to social psychology 2. Research methods in social psychology 3. Socialization 4. Self and identity 5. Social Perception and cognition 6. Attitudes 7. Symbolic communication and language 8. Social influence and persuasion 9. Self-presentation and impression management 10. Helping and Altruism 11. Aggression 12. Interpersonal Attraction and relationships 13. Group cohesion and conformity 14. Group structure and interaction 15. Group productivity and task performance 16. Intergroup conflict 17. Life course and Gender roles 18. Social Structure and personality 19. Deviant behavior and social movements
650 #0 - SUBJECT ADDED ENTRY--TOPICAL TERM
Topical term or geographic name as entry element Social psychology.
9 (RLIN) 340
700 1# - ADDED ENTRY--PERSONAL NAME
Personal name DeLamater, John D.
9 (RLIN) 379
906 ## - LOCAL DATA ELEMENT F, LDF (RLIN)
a 7
b cbc
c orignew
d 2
e opcn
f 19
g y-gencatlg
942 ## - ADDED ENTRY ELEMENTS (KOHA)
Source of classification or shelving scheme Dewey Decimal Classification
Koha item type Reserved Books
Holdings
Withdrawn status Lost status Source of classification or shelving scheme Damaged status Use restrictions Not for loan Collection code Home library Current library Shelving location Date acquired Source of acquisition Inventory number Total Checkouts Full call number Barcode Date last seen Copy number Price effective from Koha item type Public note
    Dewey Decimal Classification   Restricted Access     Main Library Main Library Reserve Book Section 01/10/2008 Purchased 15786   302 MIC bsu25110113 01/10/2012 001 01/10/2012 Reserved Books Material available in hard copy
    Dewey Decimal Classification   Restricted Access     Main Library Main Library Reserve Book Section 01/10/2008 Purchased 15787   302 MIC bsu25110114 14/11/2025 002 14/11/2025 Reserved Books Material available in hard copy

© 2017 Bishop Stuart University Library. All Rights Reserved.
Kakoba Campus, Plot 150 Buremba Road | P.O. Box 9, Mbarara, UGANDA | Tel: +256-772-463068
Email: library@bsu.ac.ug